MDQL
is popping MORE tags! Check the
thread
!
Quizzes
Events
Quiz Creation
Community
Videos
Private Events
Remove Ads
Sign In
Join for FREE
Feedback
Dark Mode
Quiz Categories
Sports
Geography
Music
Movies
Television
Just For Fun
Miscellaneous
History
Literature
Language
Science
Gaming
Entertainment
Religion
Holiday
For Kids
Quiz Lab
Recent
Popular Today
Quiz Kudos Today
Editor Picks
Curator Picks
Quizzes by...
Day
Popularity
Type
Ratings
Length
Year
Community
Subscriptions
Recent Discussions
Orange Saloon
Badges
Playlists
Quests
Create
Leaderboards
Showdown
Live 5
Trivia Bingo
Activity
Puzzle Library
Sporcle Events
Private Events
Virtual Trivia
Globe League
Become a Host
Pub Owners
SporcleCon
Opinionation
Our Games
Videos
Blog
Mobile Apps
Partnerships
Remove Ads and Go Orange
Feedback
Science
Computer
Plants
Astronomy
Chemistry
Elements
Math
Animal
Physics
Anatomy
Biology
Geology
General Science
Science
Computer
Plants
Astronomy
Chemistry
Elements
Math
Animal
Physics
Anatomy
Biology
Geology
General Science
Random Quiz
Search Sporcle
×
Quiz Lab
Quiz Lab
Science
Term
Type in answers that appear in a list
Type in answers that appear in a list
Classic
Best Score? Go Orange.
Sensory Processes Review 5 Stats
Can you name the term?
By
englishexamprep
20m
37 Questions
6 Plays
6 Plays
6 Plays
Comments
Comments
Give Quiz Kudos
Give Quiz Kudos
-
- Ratings
hide this ad
Random Order
Randomize order of answers
Randomize order of answers
Replay
Link that replays current quiz
Next Quiz
Link to next quiz in quiz playlist
You Got
0%
They Got
Avg Score
40%
Avg Friend Score
Upgrade to see
Score Distribution
Jump to the score distribution portion of the page
Score
0/37
Timer
20:00
0
Plays Today
Hint
Answer
% Correct
Fluid-
filled snail-
like structure
cochlea
100%
perceptual dimension associated with amplitude
loudness
66.7%
high end of the number of Hz humans can hear (numerals, spaces instead of commas)
20 000
66.7%
hardest bone in the body
Petrous temporal bone
66.7%
where does the organ of corti rest?
basilar membrane
66.7%
colour vision test, simulates weather conditions
Beyne's Lantern
50%
a brain structure that processes information about specific stimuli (fun fact: it's also how isci decided to arrange our courses)
module
50%
this area of the human brain responds best to faces
fusiform face area
50%
this area of the human brain responds best to full body images
extrastriate body area
50%
this aspect is the most important in a adult face recognition
configural
50%
children used this type of cue to discern between faces
featural
50%
upright faces stimulate this side of the FG
right
50%
the type of code that says that neurons combine in different patterns when shown a face
distributed code
50%
type of cell that is said to fire to only for a very specific stimulus
grandmother cell
50%
the scale used for decibels is this type of scale
logarithmic
50%
type of wave made by a tuning fork
concentric
50%
resonant frequency of the ear canal amplifies frequencies to up to this many Hz (numerals, spaces instead of commas)
5 000
50%
this bone moves due to the vibration of the tympanic membrane
malleus
50%
this bone transmits vibrations via the oval window of the cochlea
stapes
50%
Hint
Answer
% Correct
ratio of tympanic membrane to stapes footplate (x:x)
17:1
50%
these act to amplify the vibration for better transmission to the fluid
ossicles
50%
Increased sensitivity and intolerance to sounds within the normal range of amplitudes is caused by paralysis of what?
stapedius
50%
this structure is for the sense of posture
vestibular apparatus
50%
when someone's own infant was viewed this section of the brain, associated with positive emotions, was activated
orbitofrontal cortex
33.3%
the type of code that says there is a neuron for each face
specificity code
33.3%
perceptual dimension associated with frequency
pitch
33.3%
this bone transmits vibrations of the first bone in the middle ear
incus
33.3%
there are this many discrete face selective patches in the temporal cortex (spell out number)
six
16.7%
there are this many discrete face selective patches in the prefrontal corex (spell out number)
three
16.7%
there is greater fMRI activation of FFA and this other section of the brain when faces of the same race were presented
parahippocampal gyrus
16.7%
perceptual dimension associated with complexity
timbre
16.7%
this instrument adds pure tones to create a complex sound
sound synthesizer
16.7%
columns that respond to one ear
16.7%
this area of the human brain responds best to open spaces
collateral sulcus
0%
Name of experiment where pictures of Harrison Ford were shown
Grill-Spector experiment
0%
neuron that fires different patterns depending on the direction of sound
panoramic neuron
0%
columns that respond to either ear
summation columns
0%
Quiz Playlist
Details
Report
Send in Message
Add To Playlist
Classic:
Type in answers that appear in a list
Random Order:
Randomize order of answers
Last Updated: Feb 16, 2017
Quiz Scoreboard
CHALLENGE
Sign Up to Join the Scoreboard
Show All
Scores
Hide
Comments
May contain spoilers
Recently Published
Two Season TV Shows II
by 123Four
Television
10m
Image Sorting: Flags VI
by Barbecue
Geography
2m
Find the 'City' Movie
by crazypaving
Movies
60s
More to Explore
Quiz From the Vault
Featured Blog Post
14 Easter Pick-up Lines to Find Eggs With
hide this ad
You Might Also Like...
Tags
process
Review
Sensory
Term
Today's Top Quizzes in Science
Browse Science
hide this ad
Today's Top Quizzes in Term
Browse Term
Top Contributed Quizzes in Science
1
Mitosis Sporcle for Escape Room
2
Windmill: Elements
3
200 Vogels in Nederland
4
Square Numbers Scrambled (1-50)
5
Elements In Images
6
Glycolysis
7
Count to 60
8
Quick Pick: 'CI-CJ' Animals
9
17 TIMES TABLE
10
perfect squares 1-25
Explore More
Trending Topics
Crossword
Marvel
Harry Potter
Kpop
Anime
NBA
Disney
Country
Puzzle
Song
The Office
Pokémon
Soccer
WWE
NFL
hide this ad
More By:
englishexamprep
Quiz
Plays
Rating
Category
Featured
Created
History of the Earth Part 1
72
Science
Nov 23, 2010
Earth Science Review
67
Geography
Apr 14, 2010
History of the Earth Part 2
59
Science
Nov 27, 2010
History of the Earth Part 3
52
Science
Nov 27, 2010
History of the Earth Part 4
51
Science
Nov 27, 2010
Go to Creator's Profile
Score Distribution
Quiz Creator Spotlight
englishexamprep
Follow
Send a Message
Quizzes Created
-
Created Quiz Play Count
-
More By This Creator
Popular Quizzes Today
1
Find the US States - No Outlines Minefield
2
Colored Red Africa Blitz
3
Find the 'City' Movie
4
5x2 Blitz: Bands
5
The Countries of the World
6
Find the Countries of Europe - No Outlines Minefield
7
Find the US States
8
US States
More Science Quizzes
Science Medley 'B'
Quiz Lab
Trending Quizzes
Colored Red Europe Blitz I
Colored Red Africa Blitz II
Colored Red Europe Blitz II
Colored Red Europe Blitz III
Colored Red Africa Blitz III
Recently Updated
How Do You Spell That?
pecheneg
Godzilla Movies
pecheneg
Grab Bag: 4-10 Letters
pecheneg
2024 March Madness Bracket
pecheneg
Famous TV Couples
Peacemaker
Champions League XIs: Real Madrid
pecheneg
Largest US Cities 1790-2010
pecheneg
Rides in Walt Disney World
pecheneg
Most Oscar Losses (Acting)
pecheneg
Beyoncé Albums
pecheneg
Trending Topics
Kpop
Crossword
NBA
Anime
Marvel
Disney
Harry Potter
The Office
Song
Pokémon
NFL
Country
WWE
Soccer
Puzzle
Your Account Isn't Verified!
In order to create a playlist on Sporcle, you need to verify the email address you used during registration. Go to your
Sporcle Settings
to finish the process.
Report this User
Report this user for behavior that violates our
Community Guidelines
.
Details:
Send Report
Go to the Sporcle.com Mobile Site →
Comments